Michigan by Picture - Statistics

General Stats
  • This quiz has been taken 469 times
  • The average score is 11 of 18
Answer Stats
Picture Hint Answer % Correct
(lake) Lake Superior
93%
(Michigan invention) Corn flakes
89%
(state bird) American Robin
87%
(state animal) Wolverine
84%
(industrialist) Henry Ford
80%
(record label) Motown
75%
(second largest city) Grand Rapids
72%
(bridge) Mackinac Bridge
72%
(Upper Peninsula metal) Copper
70%
(sand dunes) Sleeping {Bear} Dunes
64%
(state stone) Petoskey Stone
56%
(state flower) {Apple} Blossom
52%
(city) Dearborn
49%
(bay) Saginaw Bay
43%
(tallest building) {Renaissance} Center
35%
(Detroit statue) Fist of {Joe} {Louis}
31%
(punk musician) Iggy Pop
28%
(waterfall) Tahquamenon Falls
28%
No matching quizzes found
Score Distribution
Percent of People with Each Score
Percentile by Number Answered
Your Score History
You have not taken this quiz